000 nam a22 7a 4500
999 _c3889
_d3889
005 20170524120511.0
008 170524b1988 my ||||| |||| 00| 0 may d
040 _aAKMAL
082 _a899.283 SAL
090 _a899.283
_bSAL
100 _aH.M. Salleh
_97671
245 _aHarga Sebuah Tragedi /
_cH.M. Salleh
260 _aKajang, Selangor :
_bMastika Publisher,
_c1988
300 _a110p
_ccm
942 _2ddc
_cBOOK